Dicateurs d’Afrique en image - Statistiques

Statistiques générales
  • Ce quiz a été pris 45 fois
  • Le résultat moyen est 4 sur 12
Statistiques - réponses
Par images Réponse % Correct
Mouammar Kadhafi
75%
Joseph Mobutu Sese Seko
70%
Jean Bedel Bokassa
55%
Idi Amin Dada
50%
Paul Biya
30%
Paul Kagame
28%
Robert Mugabe
28%
Zine-El Abidine Ben Ali
28%
Téodoro Obiang Nguema Mbagoso
5%
Charles Taylor
3%
Hissène Habré
3%
Edouardo Dos Santos
0%
Aucun quiz correspondant
Distribution des résultats
% des personnes avec chaque résultat
Percentile par nombre de réponses
Votre historique - résultats
Vous n’avez pas pris ce quiz